| 000 | 00655nam a22002177a 4500 | ||
|---|---|---|---|
| 003 | OSt | ||
| 005 | 20260630102026.0 | ||
| 008 | 260630b |||||||| |||| 00| 0 eng d | ||
| 020 | _a0325043868 | ||
| 040 | _cChuka University Library | ||
| 050 |
_aLB1573 _b.F68 2013 |
||
| 100 |
_aFountas Irene C. _927725 |
||
| 245 |
_aLeveled Literacy Guide _bLesson Guide |
||
| 260 |
_aPortsmouth, NH _bHeinemann _c2013 |
||
| 300 |
_ax various Paging _billustrated includes indexes |
||
| 650 | _aReading (Elementary) | ||
| 650 |
_aReading (Elementary)-Ability Testing _932010 |
||
| 650 |
_aLiteracy _927979 |
||
| 700 |
_a Pinnell Gay Su _927723 |
||
| 942 |
_2lcc _cBK _n0 |
||
| 999 |
_c25595 _d25595 |
||